| 000 | 00572nam a2200205Ia 4500 | ||
|---|---|---|---|
| 003 | LDD | ||
| 008 | 181029s9999 xx 000 0 und d | ||
| 020 |
_a9781844652884 _cP 16.99 |
||
| 040 | _cLDD | ||
| 100 | _aStivale, Charles .J. | ||
| 245 | 0 |
_aGilles Deleuze _bkey concepts _cCharles .J. Stivale |
|
| 250 | _a2nd ed. | ||
| 260 |
_aDurham _bAcumen _c2011 |
||
| 300 | _axiv, 257p. | ||
| 365 | _bP 16.99 | ||
| 901 |
_a8366 _b21-01-2012 |
||
| 902 |
_a1980 _b17-02-2012 _cF _dVBI _e42 |
||
| 903 |
_aDiscount-15 _bReqst by : Rita Rani Paliwal |
||
| 942 |
_2ddc _cBK |
||
| 999 |
_c101981 _d101981 |
||